Statistics for Musical Acts by Letter - T

Click here to take the quiz!

General Stats

  • This quiz has been taken 44,048 times
    (15,622 since last reset)
  • The average score is 9 of 16

Answer Stats

Years ActiveCountrySongsBand or Artist% Correct
2006 -We Are Never Ever Getting Back Together | Blank SpaceTaylor Swift
93%
1978 - 2019Africa | Hold the LineToto
89%
1992 -No Scrubs | WaterfallsTLC
70%
1974 - 2023What's Love Got to Do With It | Proud MaryTina Turner
68%
1965 -It's Not Unusual | What's New Pussycat?Tom Jones
61%
1976 - 2017Free Fallin' | I Wont Back DownTom Petty and the
Heartbreakers
58%
2009 -Stressed Out | HeathensTwenty One Pilots
58%
1983 -Everybody Wants to Rule the World | ShoutTears for Fears
57%
1991 - 1996California Love | Ambitionz Az a Ridah2Pac
52%
2015 -Sicko Mode | GoosebumpsTravis Scott
50%
1977 - 1991Psycho Killer | Burning Down the HouseTalking Heads
43%
1964 -My Girl | Papa Was a Rollin' StoneThe Temptations
42%
1993 -Un-break My Heart | He Wasn't Man EnoughToni Braxton
38%
1965 -Happy Together | ElenoreThe Turtles
35%
1951 -I Left My Heart in San Francisco | Cheek to CheekTony Bennett
26%
1986 -Birdhouse in Your Soul | Istanbul (Not Constantinople)They Might be Giants
24%

Score Distribution

Percentile by Number Answered

Percent of People with Each Score

Your Score History

You have not taken this quiz since the last reset